Statistiques concernant Les films avec Nathalie Portman

Cliquez ici pour prendre le quiz!

Statistiques générales

  • Ce quiz a été pris 62 fois
  • Le résultat moyen est 5 sur 25

Statistiques - réponses

RôlesFilms% Correct
Une petite fille qui apprend auprès d'un nettoyeurLéon
85%
Une danseuse étoile prête a tout pour un premier rôleBlack Swan
76%
Reine AmidalaStar Wars
73%
Une astrophysicienne qui côtoie une divinité nordiqueThor
45%
L'épouse du 35ème Président des USAJackie
42%
Une jeune femme qui couche régulièrement avec un ami et qui n'est pas claire sur ses sentimentsSex Friend
38%
Une jeune femme agressée par une milice du parti et secouru par un homme masquéV pour Vendetta
33%
La fille déprimée d'un président Américain qui doit faire face à une invasion extraterrestreMars Attacks
20%
Une fille aux cheveux roses qui se fait renverser par un taxi et tombe amoureuse d'un écrivainCloser, entre adultes consentants
16%
Une épouse d'un roi d'Angleterre qui va finir décapitéeDeux sœurs pour un roi
16%
L'épouse d'un soldat disparu en hélicoptèreBrothers
11%
Une étrange et belle épileptique dont le héros va tomber amoureuxGarden state
9%
Au Far West une jeune femme qui fait appel à un ancien amant pour défendre son ranchJane got a gun
7%
Pendant la guerre de sécession, une jeune veuve avec son bébéRetour à Cold Mountain
5%
Film musical où elle incarne Celeste, une pop starVox Lux
5%
Une Américaine qui accompagne une Israélienne en Jordanie pour aller récupérer de l'argentFree Zone
2%
Une épicière qui rencontre deux hommes à qui elle va compliquer la vieHesher
2%
L'assistance d'un gérant de magasin de jouet qui a 243 ansLe Merveilleux Magasin de Mr. Magorium
2%
Une astronaute qui une fois atterri à du mal à revenir sur TerreLucy in the sky
2%
Une fille qui doit supporter sa mère exubérante et irresponsableMa mère moi et ma mère
2%
Une jeune fille de 17 ans enceinte qui vit dans un supermarchéOù le cœur nous mène
2%
Dans les années 30 , une Américaine médium qui s'apprête à tourner dans un filmPlanétarium
2%
Une serveuse amoureuse d'un magnat de l'industrie musicaleSong to song
2%
Une femme juive traumatisée par la guerre, dont le couple s'effrite et qui finit par se suiciderUne histoire d'amour et de ténèbres
2%
Une avocate New-Yorkaise qui a perdu sa fille unique de la mort du nourrissonUn hiver à Central Park
2%

Distribution des résultats

Percentile par nombre de réponses

% des personnes avec chaque résultat

Votre développement - résultats

Vous n’avez pas pris ce quiz